Statistiken für DFB-Pokal Torschützen 2021/22

Klicken Sie hier um das Quiz zu spielen!

Allgemein

  • Dieses Quiz wurde 632 mal gespielt
  • Das Durchschnittsergebnis liegt bei 4 aus 9

Antwortstatistiken

ToreVereinSpieler% Korrekt
4Borussia DortmundErling Haaland
86%
4RB LeipzigChristopher Nkunku
67%
5Hamburger SVRobert Glatzel
66%
31. FC KölnAnthony Modeste
58%
4SC FreiburgVincenzo Grifo
45%
4FC Bayern MünchenEric Maxim Choupo-Moting
41%
31. FSV Mainz 05Jonathan Burkardt
23%
4Hannover 96Maximilian Beier
18%
4VfL BochumMiloš Pantović
10%

Verteilung der Resultate

Perzentil nach korrekt beantworteten Fragen

Anzahl Personen mit jedem Resultat

Ihre Resultats-Entwicklung

Sie haben dieses Quiz noch nicht gespielt